| 000 | 00770nam a2200217 a 4500 | ||
|---|---|---|---|
| 001 | 81558 | ||
| 003 | BD-RjUL | ||
| 005 | 20230711120618.0 | ||
| 008 | 230711s2023 bg ||||| |||| 00| 0 ben d | ||
| 020 | _a9789843537768 | ||
| 035 | _a(BD-RjUL)81558 | ||
| 040 |
_aBD-RjUL _beng _cBD-RjUL |
||
| 041 | _aben | ||
| 082 |
_223 _a297 _bISN 2023 |
||
| 100 |
_aইসলাম, মোহাম্মদ শরিফুল _97974 |
||
| 245 |
_aজাতি-ধর্ম-যুগে নিরাপত্তা ও কল্যাণের ধারণা / _cমোহাম্মদ শরিফুল ইসলাম |
||
| 300 |
_a১৪৭ পৃ.: _bচিত্রসমূহ; _c২২ সেমি. |
||
| 650 | _aইসলাম | ||
| 650 | _aIslam | ||
| 942 |
_2ddc _cBK |
||
| 999 |
_c81558 _d81558 |
||